3rd International Symposium of Space Optical Instruments and Applications Beijing, China June 26 - 29th 2016 /

This volume contains selected and expanded contributions presented at the 3rd Symposium on Space Optical Instruments and Applications in Beijing, China June 28 – 29, 2016. This conference series is organised by the Sino-Holland Space Optical Instruments Laboratory, a cooperation platform between Chi...

Full description

Corporate Author: SpringerLink (Online service)
Other Authors: Urbach, H. Paul. (Editor, http://id.loc.gov/vocabulary/relators/edt), Zhang, Guangjun. (Editor, http://id.loc.gov/vocabulary/relators/edt)
Language:English
Published: Cham : Springer International Publishing : Imprint: Springer, 2017.
Edition:1st ed. 2017.
Series:Springer Proceedings in Physics, 192
Subjects:
Online Access:https://doi.org/10.1007/978-3-319-49184-4
LEADER 03755nam a22006135i 4500
001 978-3-319-49184-4
003 DE-He213
005 20210619003428.0
007 cr nn 008mamaa
008 170307s2017 gw | s |||| 0|eng d
020 |a 9783319491844  |9 978-3-319-49184-4 
024 7 |a 10.1007/978-3-319-49184-4  |2 doi 
050 4 |a TA1671-1707 
050 4 |a TA1501-1820 
072 7 |a PHJ  |2 bicssc 
072 7 |a SCI053000  |2 bisacsh 
072 7 |a PHJ  |2 thema 
072 7 |a TTB  |2 thema 
082 0 4 |a 621.36  |2 23 
245 1 0 |a 3rd International Symposium of Space Optical Instruments and Applications  |h [electronic resource] :  |b Beijing, China June 26 - 29th 2016 /  |c edited by H. Paul Urbach, Guangjun Zhang. 
250 |a 1st ed. 2017. 
264 1 |a Cham :  |b Springer International Publishing :  |b Imprint: Springer,  |c 2017. 
300 |a XI, 517 p. 301 illus., 207 illus. in color.  |b online resource. 
336 |a text  |b txt  |2 rdacontent 
337 |a computer  |b c  |2 rdamedia 
338 |a online resource  |b cr  |2 rdacarrier 
347 |a text file  |b PDF  |2 rda 
490 1 |a Springer Proceedings in Physics,  |x 0930-8989 ;  |v 192 
505 0 |a Space optical remote sensing system design -- Advanced optical system design -- Remote sensor calibration and measurement -- Remote sensing data processing and information extraction -- Remote sensing data applications. . 
520 |a This volume contains selected and expanded contributions presented at the 3rd Symposium on Space Optical Instruments and Applications in Beijing, China June 28 – 29, 2016. This conference series is organised by the Sino-Holland Space Optical Instruments Laboratory, a cooperation platform between China and the Netherlands. The symposium focused on key technological problems of optical instruments and their applications in a space context. It covered the latest developments, experiments and results regarding theory, instrumentation and applications in space optics. The book is split across five topical sections. The first section covers space optical remote sensing system design, the second advanced optical system design, the third remote sensor calibration and measurement. Remote sensing data processing and information extraction is then presented, followed by a final section on remote sensing data applications. . 
650 0 |a Lasers. 
650 0 |a Photonics. 
650 0 |a Observations, Astronomical. 
650 0 |a Astronomy—Observations. 
650 0 |a Remote sensing. 
650 0 |a Aerospace engineering. 
650 0 |a Astronautics. 
650 1 4 |a Optics, Lasers, Photonics, Optical Devices.  |0 https://scigraph.springernature.com/ontologies/product-market-codes/P31030 
650 2 4 |a Astronomy, Observations and Techniques.  |0 https://scigraph.springernature.com/ontologies/product-market-codes/P22014 
650 2 4 |a Remote Sensing/Photogrammetry.  |0 https://scigraph.springernature.com/ontologies/product-market-codes/J13010 
650 2 4 |a Aerospace Technology and Astronautics.  |0 https://scigraph.springernature.com/ontologies/product-market-codes/T17050 
700 1 |a Urbach, H. Paul.  |e editor.  |4 edt  |4 http://id.loc.gov/vocabulary/relators/edt 
700 1 |a Zhang, Guangjun.  |e editor.  |4 edt  |4 http://id.loc.gov/vocabulary/relators/edt 
710 2 |a SpringerLink (Online service) 
773 0 |t Springer Nature eBook 
776 0 8 |i Printed edition:  |z 9783319491837 
776 0 8 |i Printed edition:  |z 9783319491851 
776 0 8 |i Printed edition:  |z 9783319840987 
830 0 |a Springer Proceedings in Physics,  |x 0930-8989 ;  |v 192 
856 4 0 |u https://doi.org/10.1007/978-3-319-49184-4 
912 |a ZDB-2-PHA 
912 |a ZDB-2-SXP 
950 |a Physics and Astronomy (SpringerNature-11651) 
950 |a Physics and Astronomy (R0) (SpringerNature-43715)